Milyonların şousu - Statistics

General Stats
  • This quiz has been taken 32 times
  • The average score is 6 of 15
Answer Stats
Question Answer % Correct
Hansı quş uça bilmir? Dəvəquşu
92%
İkinci şəxs əvəzliyinin təki hansıdır? Sən
88%
Atalar sözünə görə, nə tutan barmaq yalar? Bal
85%
Aşağıdakı sözlərdən hansı palindrom deyil? Lavaş
50%
Hansı bəzək əşyasına "tana" deyirlər? Sırğa
42%
ABŞ-nin neçə ştatının adında "cənubi" sözü var? 2
38%
Fransa kralı IV Filipp tarixdə hansı adla qalıb? Gözəl
38%
Daniel Defonun ədəbi qəhrəmanı Robinzon Kruzo düşdüyü adada neçə il qalıb? 28
35%
"Gülə-gülə" xalq mahnısında xanımın gülüşü hansı musiqi alətinə bənzədilir? Saz
35%
Akif İslamzadənin ifa etdiyi "Neyləyim" mahnısında hansı güllərin adı çəkilmir? Lalə
31%
Azərbaycan ədəbiyyatında dörd misralı şeir forması hansıdır? Mürəbbe
27%
Cəlil Məmmədquluzadənin "Poçt qutusu" əsərində hadisələr hansı ayda cərəyan edir? Noyabr
23%
Qatıqotu bitkisinin digər adı nədir? Dilqanadan
19%
2010-cu ildə Osloda keçirilən Avroviziya yarışmasının rəsmi sloqanı nə idi? "Anı bölüş!"
15%
Kəşfiyyatçı Rixard Zorge hansı ölkədə həlak olub? Yaponiya
4%
No matching quizzes found
Score Distribution
Percent of People with Each Score
Percentile by Number Answered
Your Score History
You have not taken this quiz